| 000 | 00578nam a22001697a 4500 | ||
|---|---|---|---|
| 005 | 20231030132704.0 | ||
| 008 | 231030b |||||||| |||| 00| 0 eng d | ||
| 020 | _a0424205903 ; 0421244208 | ||
| 041 | _aEnglish | ||
| 082 | _a347.6 PHI | ||
| 100 |
_aBuzzhard JH, May, R and Howard MN _lEnglish |
||
| 245 |
_aThe Common Law Library Number 10 Phipson on Evidence : _bFirst Supplement to the Twelfth Edition / _c1978 |
||
| 260 |
_aLondon : _bSweet & Maxwell, _c1978 |
||
| 300 |
_b23 pages ; _c24 cm. |
||
| 650 |
_alegal practice _bLaw |
||
| 942 |
_cBK _6ALISON_BN_VRIES |
||
| 999 |
_c150 _d150 |
||